<?xml version="1.0" encoding="UTF-8"?>
<record
    xmlns:xsi="http://www.w3.org/2001/XMLSchema-instance"
    xsi:schemaLocation="http://www.loc.gov/MARC21/slim http://www.loc.gov/standards/marcxml/schema/MARC21slim.xsd"
    xmlns="http://www.loc.gov/MARC21/slim">

  <leader>     nam a22     7a 4500</leader>
  <datafield tag="952" ind1=" " ind2=" ">
    <subfield code="0">0</subfield>
    <subfield code="1">0</subfield>
    <subfield code="2">lcc</subfield>
    <subfield code="4">0</subfield>
    <subfield code="7">0</subfield>
    <subfield code="a">ENAL</subfield>
    <subfield code="b">ENAL</subfield>
    <subfield code="d">2018-12-04</subfield>
    <subfield code="l">0</subfield>
    <subfield code="o">CD-4339</subfield>
    <subfield code="p">CD0004339</subfield>
    <subfield code="r">2018-12-04 00:00:00</subfield>
    <subfield code="w">2018-12-04</subfield>
    <subfield code="y">ETH</subfield>
  </datafield>
  <datafield tag="999" ind1=" " ind2=" ">
    <subfield code="c">63763</subfield>
    <subfield code="d">63763</subfield>
  </datafield>
  <controlfield tag="008">181113s2017    ua a|||f |||| 001 0 eng d</controlfield>
  <datafield tag="040" ind1=" " ind2=" ">
    <subfield code="a">EAL</subfield>
    <subfield code="c">EAL</subfield>
  </datafield>
  <datafield tag="041" ind1=" " ind2=" ">
    <subfield code="a">eng</subfield>
    <subfield code="b">ara</subfield>
  </datafield>
  <datafield tag="090" ind1=" " ind2=" ">
    <subfield code="a">CD-4339</subfield>
  </datafield>
  <datafield tag="100" ind1="1" ind2=" ">
    <subfield code="a">El-Seba'y, Nadine Adel Mohamed Saied .</subfield>
    <subfield code="9">23053</subfield>
  </datafield>
  <datafield tag="245" ind1="1" ind2="0">
    <subfield code="a">Biological and molecular characteristics of Salmonella Typhimurium isolates in poultry</subfield>
    <subfield code="h">[computer file] /</subfield>
    <subfield code="c">Nadine Adel Mohamed Saied El-Seba'y.</subfield>
  </datafield>
  <datafield tag="246" ind1="1" ind2="5">
    <subfield code="a">&#x62A;&#x648;&#x635;&#x64A;&#x641; &#x628;&#x64A;&#x648;&#x644;&#x648;&#x62C;&#x649; &#x648;&#x62C;&#x632;&#x64A;&#x626;&#x649; &#x644;&#x639;&#x62A;&#x631;&#x627;&#x62A; &#x627;&#x644;&#x633;&#x627;&#x644;&#x645;&#x648;&#x646;&#x64A;&#x644;&#x627; &#x62A;&#x64A;&#x641;&#x64A;&#x645;&#x64A;&#x648;&#x631;&#x64A;&#x648;&#x645; &#x641;&#x649; &#x627;&#x644;&#x62F;&#x648;&#x627;&#x62C;&#x646;</subfield>
  </datafield>
  <datafield tag="260" ind1=" " ind2=" ">
    <subfield code="c">2017.</subfield>
  </datafield>
  <datafield tag="347" ind1=" " ind2=" ">
    <subfield code="a"> text file</subfield>
    <subfield code="b"> PDF</subfield>
  </datafield>
  <datafield tag="502" ind1=" " ind2=" ">
    <subfield code="a">Thesis (Ph.D.) -- Ain Shams University, 2017.</subfield>
  </datafield>
  <datafield tag="504" ind1=" " ind2=" ">
    <subfield code="a">Includes bibliographical references (Leaves 169-208)</subfield>
  </datafield>
  <datafield tag="538" ind1=" " ind2=" ">
    <subfield code="a">Systems requirements : Adobe Reader</subfield>
  </datafield>
  <datafield tag="546" ind1=" " ind2=" ">
    <subfield code="a">Summary in Arabic</subfield>
  </datafield>
  <datafield tag="650" ind1=" " ind2="0">
    <subfield code="a">Salmonella typhimurium</subfield>
    <subfield code="9">23054</subfield>
  </datafield>
  <datafield tag="650" ind1=" " ind2="0">
    <subfield code="a">Poultry</subfield>
    <subfield code="x">Microbiology.</subfield>
    <subfield code="9">23055</subfield>
  </datafield>
  <datafield tag="856" ind1="4" ind2="0">
    <subfield code="u">http://nile.enal.sci.eg/thesis/4339.pdf</subfield>
    <subfield code="z">Content &amp; Abstract</subfield>
  </datafield>
  <datafield tag="910" ind1=" " ind2=" ">
    <subfield code="a">name:</subfield>
  </datafield>
  <datafield tag="942" ind1=" " ind2=" ">
    <subfield code="c">ETH</subfield>
    <subfield code="2">alc</subfield>
  </datafield>
</record>
